| 000 | 00000nam 22000008a 4500 |
| 001 | 9.834711 |
| 003 | CaOODSP |
| 005 | 20240527135430 |
| 007 | cr ||||||||||| |
| 008 | 170404s2017 quc o f00| 0 eng d |
| 020 | |a978-0-660-08175-5 |
| 040 | |aCaOODSP|beng |
| 043 | |an-cn--- |
| 086 | 1 |aCW66-543/2017E-PDF |
| 245 | 00|aDeveloping and implementing Mi'kmaw ecology in Kespukwitk's species at risk |h[electronic resource]. |
| 260 | |a[Gatineau, Quebec] : |bEnvironment and Climate Change Canada, |c[2017]. |
| 300 | |a[1] p. |
| 500 | |aIssued also in French under title: Développer et mettre en œuvre l'écologie mi'kmaw auprès des espèces en péril de kespukwitk. |
| 500 | |a"Aboriginal Fund for Species at Risk - Species at Risk Stream". |
| 500 | |aCaption title. |
| 692 | 07|2gccst|aEndangered species |
| 692 | 07|2gccst|aHabitats |
| 692 | 07|2gccst|aEcology |
| 710 | 2 |aCanadian Wildlife Service. |
| 775 | 08|tDévelopper et mettre en œuvre l'écologie mi'kmaw auprès des espèces en péril de kespukwitk |w(CaOODSP)9.834714 |
| 856 | 40|qPDF|s353 KB|uhttps://publications.gc.ca/collections/collection_2017/eccc/CW66-543-2017-eng.pdf |